000
00215nam a22000857a 4500
008
161124b xxu||||| |||| 00| 0 eng d
100
_9
1410
_a
CBSE
245
_a
APC Digest English Core-XII
260
_a
New Delhi
_b
CBSE
_c
2010
999
_c
4127
_d
4127